| 000 | 00775nam a2200217 i 4500 | ||
|---|---|---|---|
| 001 | 134177 | ||
| 003 | ES-MaACL | ||
| 005 | 20230906194621.0 | ||
| 007 | t| | ||
| 008 | 070906s1921 fr ||||1| fre d | ||
| 100 | 1 |
_aWeyl, Hermann. _9116602 |
|
| 245 | 1 | 0 |
_aTemps, espace, matière _b: leçons sur la théorie de la relativité générale / _cH. Weyl ; traduites... par Gustav Juvet et Robert Leroy. |
| 260 |
_aParis : _bA. Blanchard, _c1921. |
||
| 300 |
_aVIII, 290 p. : _bil. ; _c25 cm. |
||
| 490 | 1 | _aCollection de monographies scientifiques étrangères | |
| 700 | 1 |
_aJuvet, Gustave. _967377 |
|
| 700 | 1 |
_aLeroy, Robert. _971807 |
|
| 830 | 0 |
_aCollection de monographies scientifiques étrangères _9219823 |
|
| 852 |
_aES-MaACL _jG-14168 |
||
| 999 |
_c134177 _d134177 |
||